000 00308nam a22001097a 4500
100 _aطارق مجید
245 _aجھاد جی تیاری
260 _aاسلام آباد
_bاسلامی یونیورسٹی
_c۱۹۹۷
300 _a۵۲
500 _aDonated by Regional Dawah center , Karachi
942 _cBK
999 _c11606
_d11606